|
|
|
|
| LEADER |
00000cam a2200000 7i4500 |
| 001 |
0000047852 |
| 005 |
20220105104145.0 |
| 008 |
150527 |
| 020 |
|
|
|a 9789833537464
|
| 090 |
0 |
0 |
|a JP
|b MAL
|
| 245 |
1 |
0 |
|a Darah daging
|
| 260 |
|
|
|a Selangor :
|b Eagle Publications ,
|c 2007
|
| 440 |
|
|
|a Siri mengenali simpulan bahasa
|
| 500 |
|
|
|a Children age 4-6 years old (yellow)
|
| 650 |
|
0 |
|a Junior preschool
|x Malay
|x Languages
|
| 999 |
|
|
|a 0001074449
|b Book
|c Children Collection
|e Cawangan Taman Universiti
|
| 999 |
|
|
|a 0001074450
|b Book
|c Children Collection
|e Cawangan Bukit Gambir
|
| 999 |
|
|
|a 0001129532
|b Book
|c Children Collection
|e Cawangan Bukit Gambir
|